|
|
|
|
| LEADER |
00000nam a2200000 a 4500 |
| 001 |
vtls001376361 |
| 003 |
SK-MaSNL |
| 005 |
20260301092449.0 |
| 008 |
240318s1965 xx 0 und |
| 035 |
|
|
|a SNK000330286
|
| 040 |
|
|
|a SNK
|b slo
|c SNK
|e AACR2
|
| 100 |
1 |
|
|a Kozel, František,
|d 1921-
|4 aut
|9 63457
|
| 245 |
1 |
0 |
|a O podstatě výchovného procesu
|
| 260 |
|
|
|a Praha
|b Slovenské pedagogické nakladateľstvo
|c 1965
|
| 300 |
|
|
|a 84 s.
|
| 958 |
|
|
|a OND
|
| 999 |
|
|
|c 674021
|d 675951
|
| 952 |
|
|
|t P60, <04>, [BOOK], {604}
|a SNK
|b SNK
|y VYP
|7 0
|p 17A0217323
|o snkIB 17596
|0 0
|1 0
|4 0
|d 1999-11-05
|l 0
|r 2005-01-02 00:00:00
|w 2026-02-23
|